America, history and life. Part B, Index to book reviews.
| New Title: | America, history and life. Part A, Article abstracts and citations America, history and life. Part C, American history bibliography, books, articles and dissertations America, history and life. Part D, Annual index America, history and life (Santa Barbara, Calif. : 1989) |
|---|---|
| Previous Title: | America, history and life |
| Corporate Author: | |
| Format: | Serial |
| Language: | English |
| Published: |
Santa Barbara, Calif. :
ABC-CLIO,
©1975-©1988.
|
| Subjects: | |
| Online Availability: |
|
MARC
| Tag | First Indicator | Second Indicator | Subfields |
|---|---|---|---|
| LEADER | 00000cas a2200000 a 4500 | ||
| 001 | in00000044686 | ||
| 005 | 20151007075100.0 | ||
| 008 | 750513d19751988caufr1 io 0uuua0eng d | ||
| 010 | |a 84640890 |z sn79-3703 | ||
| 019 | |a 1416433 | ||
| 022 | 0 | |a 0002-7065 |z 0097-6172 | |
| 035 | |a (OCoLC)01328815 | ||
| 035 | |9 AAF2603AM | ||
| 040 | |a NSD |c NSD |d DLC |d OCL |d NSD |d DLC |d IUL |d DLC |d IUL |d SER |d DLC |d NSD |d NST |d DLC |d NSD |d NST |d OCL |d HUL |d m/c |d NST |d NYG |d COO |d WAU |d DLC |d NSD |d NST |d HUL |d NST |d UtOrBLW | ||
| 042 | |a lc |a nsdp | ||
| 043 | |a n-us--- |a n-cn--- | ||
| 049 | |a [Ref] TXAE | ||
| 050 | 0 | 0 | |a Z1236 |b .A485 |a E171 |
| 050 | 4 | |a Z1236 |b .A483 | |
| 060 | 0 | 0 | |a Z 1236 A512 |
| 090 | |a E171 |b A483 | ||
| 210 | 0 | |a Am. hist. life | |
| 222 | 0 | |a America, history and life | |
| 245 | 0 | 0 | |a America, history and life. |n Part B, |p Index to book reviews. |
| 246 | 1 | 0 | |a Index to book reviews |
| 264 | 1 | |a Santa Barbara, Calif. : |b ABC-CLIO, |c ©1975-©1988. | |
| 300 | |a 15 volumes ; |c 28 cm. | ||
| 310 | |a Semiannual | ||
| 336 | |a text |b txt |2 rdacontent | ||
| 337 | |a unmediated |b n |2 rdamedia | ||
| 338 | |a volume |b nc |2 rdacarrier | ||
| 362 | 0 | |a Vol. 11 (spring1974)-v. 25, no. 2 (1988). | |
| 550 | |a Published for: American Bibliographical Center. | ||
| 580 | |a Merged with: America, history and life. Part A, Article abstracts and citations; America, history and life. Part C, American history bibliography, books, articles and dissertations; and, America, history and life.Part D, Annual index; to form: America, history and life (Santa Barbara, Calif. : 1989). | ||
| 651 | 0 | |a United States |x History |v Book reviews |x Indexes |x Periodicals. | |
| 651 | 0 | |a Canada |x History |x Book reviews |x Indexes |x Periodicals. | |
| 710 | 2 | |a American Bibliographical Center. | |
| 780 | 0 | 1 | |t America, history and life |x 0002-7065 (OCoLC)1479243 |
| 785 | 1 | 7 | |t America, history and life. Part A, Article abstracts and citations |x 0002-7065 (OCoLC)1905137 |
| 785 | 1 | 7 | |t America, history and life. Part C, American history bibliography, books, articles and dissertations |x 0002-7065 (OCoLC)2088647 |
| 785 | 1 | 7 | |t America, history and life. Part D, Annual index |x 0002-7065 (OCoLC)2190961 |
| 785 | 1 | 7 | |t America, history and life (Santa Barbara, Calif. : 1989) |x 0002- 7065 (OCoLC)19247941 |
| 999 | |a MARS | ||
| 999 | f | f | |s 5daffbc9-2bb5-36ec-b474-d8e2d96b4be2 |i 05d48bea-b85f-3f98-977f-b97fdd788569 |t 0 |
| 952 | f | f | |p ric |a Texas A&M University |b Rellis Campus |c Joint Library Facility |d Remote Storage |t 0 |e E171 .A483 |h Library of Congress classification |i unmediated -- volume |k v.13 |l 1976 |m A14826865093 |
| 952 | f | f | |p ric |a Texas A&M University |b Rellis Campus |c Joint Library Facility |d Remote Storage |t 0 |e E171 .A483 |h Library of Congress classification |i unmediated -- volume |k v.20 |l 1983 |m A14826865140 |
| 952 | f | f | |p ric |a Texas A&M University |b Rellis Campus |c Joint Library Facility |d Remote Storage |t 0 |e E171 .A483 |h Library of Congress classification |i unmediated -- volume |k v.15 |l 1978 |m A14826865386 |
| 952 | f | f | |p ric |a Texas A&M University |b Rellis Campus |c Joint Library Facility |d Remote Storage |t 0 |e E171 .A483 |h Library of Congress classification |i unmediated -- volume |k v.12 |l 1975 |m A14826865302 |
| 952 | f | f | |p ric |a Texas A&M University |b Rellis Campus |c Joint Library Facility |d Remote Storage |t 0 |e E171 .A483 |h Library of Congress classification |i unmediated -- volume |k v.11 |l 1974 |m A14826865132 |
| 952 | f | f | |p ric |a Texas A&M University |b Rellis Campus |c Joint Library Facility |d Remote Storage |t 0 |e E171 .A483 |h Library of Congress classification |i unmediated -- volume |k v.21 |l 1984 |m A14826865108 |
| 952 | f | f | |p ric |a Texas A&M University |b Rellis Campus |c Joint Library Facility |d Remote Storage |t 0 |e E171 .A483 |h Library of Congress classification |i unmediated -- volume |k v.18 |l 1981 |m A14826865221 |
| 952 | f | f | |p ric |a Texas A&M University |b Rellis Campus |c Joint Library Facility |d Remote Storage |t 0 |e E171 .A483 |h Library of Congress classification |i unmediated -- volume |k v.24 |l 1987 |m A14826864990 |
| 952 | f | f | |p ric |a Texas A&M University |b Rellis Campus |c Joint Library Facility |d Remote Storage |t 0 |e E171 .A483 |h Library of Congress classification |i unmediated -- volume |k v.17 |l 1980 |m A14826865263 |
| 952 | f | f | |p ric |a Texas A&M University |b Rellis Campus |c Joint Library Facility |d Remote Storage |t 0 |e E171 .A483 |h Library of Congress classification |i unmediated -- volume |k v.25 |l 1988 |m A14826865027 |
| 952 | f | f | |p ric |a Texas A&M University |b Rellis Campus |c Joint Library Facility |d Remote Storage |t 0 |e E171 .A483 |h Library of Congress classification |i unmediated -- volume |k v.16 |l 1979 |m A14826865344 |
| 952 | f | f | |p ric |a Texas A&M University |b Rellis Campus |c Joint Library Facility |d Remote Storage |t 0 |e E171 .A483 |h Library of Congress classification |i unmediated -- volume |k v.19 |l 1982 |m A14826865182 |
| 952 | f | f | |p ric |a Texas A&M University |b Rellis Campus |c Joint Library Facility |d Remote Storage |t 0 |e E171 .A483 |h Library of Congress classification |i unmediated -- volume |k v.22 |l 1985 |m A14826865069 |
| 952 | f | f | |p ric |a Texas A&M University |b Rellis Campus |c Joint Library Facility |d Remote Storage |t 0 |e E171 .A483 |h Library of Congress classification |i unmediated -- volume |k v.23 |l 1986 |m A14826864982 |
| 952 | f | f | |p ric |a Texas A&M University |b Rellis Campus |c Joint Library Facility |d Remote Storage |t 0 |e E171 .A483 |h Library of Congress classification |i unmediated -- volume |k v.14 |l 1977 |m A14826865425 |
| 998 | f | f | |a E171 .A483 |s v.11-25 (1974-1988) |t 0 |l Remote Storage |